Clara Hopgood /

Bibliographic Details
Main Author: White, William Hale, 1831-1913 (Editor)
Format: Book
Language:English
Published: New York : Dodd, Mead and company, 1896.

MARC

Tag First Indicator Second Indicator Subfields
LEADER 00000cam a22000001 4500
001 in00000029749
005 20170524153025.0
008 800702s1896 nyu 000 1 eng
010 |a  08036559  
035 |a (OCoLC)ocm06479510 
035 |a (OCoLC)06479510 
035 |9 AAD6105AM 
040 |a DLC  |c TXA  |d DLC  |d UtOrBLW 
049 |a TXAM 
050 0 0 |a PZ3.W5862  |b Cl  |a PR5795.W7 
090 |a PR5795.W7  |b C53 1896 
100 1 |a White, William Hale,  |d 1831-1913. 
245 1 0 |a Clara Hopgood /  |c by Mark Rutherford [pseudonym]; ed. by his friend Reuben Shapcott. 
264 1 |a New York :  |b Dodd, Mead and company,  |c 1896. 
300 |a 2 preliminary leaves, 265 ;  |c 19 cm. 
336 |a text  |b txt  |2 rdacontent 
337 |a unmediated  |b n  |2 rdamedia 
338 |a volume  |b nc  |2 rdacarrier 
700 1 |a White, William Hale,  |d 1831-1913,  |e editor. 
994 |a C0  |b TXA 
999 |a MARS 
999 f f |s 4bc80d05-50cd-3af6-93b3-f54710c0041a  |i 697f53e8-bf2d-3123-8632-a3c6ae085ec8  |t 0 
952 f f |p normal  |a Texas A&M University  |b College Station  |c Sterling C. Evans Library  |d Evans: Library Stacks  |t 0  |e PR5795.W7 C53 1896  |h Library of Congress classification  |i unmediated -- volume  |m A14801333974 
998 f f |a PR5795.W7 C53 1896  |t 0  |l Evans: Library Stacks